| 000 | 00650nam a2200193Ii 4500 | ||
|---|---|---|---|
| 003 | JO-AjNU | ||
| 008 | 230606s9999||||xx |||||||||||||| ||und|| | ||
| 040 |
_aJO-AjNU _beng _erda _cJO-AjNU |
||
| 041 | _aeng | ||
| 050 | 1 | 4 | _aLC3965.A78 2010 |
| 100 | 3 |
_aArunachalam, N مؤلف/Gopal,Sri.R م.مشارك, _eauthor _91352 |
|
| 245 | 0 | 0 | _aSpecial Education: Self Instructional Module (SIM) On Behaviour Disorders |
| 264 | 3 | 1 | _aNew Delhi:Publishing Corporation,2010 |
| 300 | _a175P | ||
| 336 |
_atext _btxt _2rdacontent |
||
| 337 |
_aunmediated _bn _2rdamedia |
||
| 338 |
_avolume _bnc _2rdacarrier |
||
| 650 | 4 |
_aSpecial Education-Behaviour Disorders _91353 |
|
| 999 |
_aE714 _c714 _d714 |
||